000
00228 a2200097 4500
001
44457
100
_a
Yoder
245
_a
Personnel Management &Industrial Relations
260
_a
London
_b
Pitman & Son
_c
090
_c
28169
_d
28169
942
_a
NUST-CAE
_c
M
_c
20190
999
_c
279530
_d
279530